Countries With the Word “Be” in Their Names - Statistics

General Stats
  • This quiz has been taken 59 times
  • The average score is 5 of 6
Answer Stats
Continent Countries % Correct
North America Belize
98%
Europe Belgium
95%
Africa Benin
89%
Europe Belarus
87%
Asia Uzbekistan
55%
Africa Liberia
53%
No matching quizzes found
Score Distribution
Percent of People with Each Score
Percentile by Number Answered
Your Score History
You have not taken this quiz